000 00478nam a2200181Ia 4500
003 LK-CoDNM
005 20240305142740.0
008 010623t1932 xxu||||| |||| 00| 1 sin d
040 _aLK-CoDNM
_dLK-CoDNM
_eLK-CoDNM
041 _asin
080 _a104 Z7
100 _aMendis,H.B
245 _aලංකා දුගී සංදේශය
246 _aLankaa Dugii Sandeeshaya
260 _bSaddhamma prakasa
_aDevala
_c1932
300 _bDamaged
_a18p.,22 cm
942 _cBK
999 _c96408
_d96408